| Tag |
First Indicator |
Second Indicator |
Subfields |
| LEADER |
00000cam a2200000 a 4500 |
| 001 |
in00000069870 |
| 005 |
20151008055905.0 |
| 008 |
760113s1975 nyuab b 00110 eng d |
| 010 |
|
|
|a 73022756
|
| 020 |
|
|
|a 0060139110
|c $12.50
|
| 035 |
|
|
|a (OCoLC)01923257
|
| 035 |
|
|
|9 AAJ4649AM
|
| 040 |
|
|
|a MNL
|c MNL
|d m.c.
|d OCL
|d TXA
|d UtOrBLW
|
| 049 |
|
|
|a TXAM
|c [1502549]
|
| 090 |
|
|
|a HV9713
|b .S6413 1975
|
| 100 |
1 |
|
|a Solzhenit︠s︡yn, Aleksandr Isaevich,
|d 1918-2008.
|
| 240 |
1 |
0 |
|a Arkhipelag Gulag.
|l English
|
| 245 |
1 |
4 |
|a The Gulag Archipelago, 1918-1956 :
|b an experiment in literary investigation III-IV /
|c Aleksandr I. Solzhenitsyn ; translated from the Russian by Thomas P. Whitney.
|
| 250 |
|
|
|a 1st ed.
|
| 264 |
|
1 |
|a New York :
|b Harper & Row,
|c [1975]
|
| 264 |
|
4 |
|c ©1975
|
| 300 |
|
|
|a vi, 712 pages :
|b illustrations, maps ;
|c 24 cm.
|
| 336 |
|
|
|a text
|b txt
|2 rdacontent
|
| 337 |
|
|
|a unmediated
|b n
|2 rdamedia
|
| 338 |
|
|
|a volume
|b nc
|2 rdacarrier
|
| 500 |
|
|
|a Translation of Arkhipelag Gulag.
|
| 504 |
|
|
|a Includes bibliographical references and index.
|
| 650 |
|
0 |
|a Political prisoners
|z Soviet Union.
|
| 999 |
|
|
|a MARS
|
| 999 |
f |
f |
|s ae488f3b-fc4b-32b1-952a-b596069af20c
|i 9a917ef4-967c-303a-b4f1-ebf832b57abf
|t 0
|
| 952 |
f |
f |
|p normal
|a Texas A&M University
|b College Station
|c Sterling C. Evans Library
|d Evans: Library Stacks
|t 0
|e HV9713 .S6413 1975
|h Library of Congress classification
|i unmediated -- volume
|m A14806147386
|
| 998 |
f |
f |
|a HV9713 .S6413 1975
|t 0
|l Evans: Library Stacks
|